Assured and assured shorthold tenancies (Record no. 101596)

MARC details
000 -LEADER
fixed length control field 01428cad a22002415a 4500
001 - CONTROL NUMBER
control field E114279
008 - FIXED-LENGTH DATA ELEMENTS--GENERAL INFORMATION
fixed length control field 090507s2009 xxk f000 0 eng u
020 ## - INTERNATIONAL STANDARD BOOK NUMBER
International Standard Book Number 9781409811060
035 ## - SYSTEM CONTROL NUMBER
System control number (Sirsi) u114279
041 ## - LANGUAGE CODE
Language code of text/sound track or separate title eng
050 ## - LIBRARY OF CONGRESS CALL NUMBER
Classification number 346.4104342 $2 18
110 ## - MAIN ENTRY--CORPORATE NAME
Corporate name or jurisdiction name as entry element United Kingdom
Subordinate unit Department for Communities and Local Government
9 (RLIN) 4939
245 00 - TITLE STATEMENT
Title Assured and assured shorthold tenancies
Remainder of title a guide for landlords
Medium [electronic resource]
260 ## - PUBLICATION, DISTRIBUTION, ETC.
Place of publication, distribution, etc. [London]
Name of publisher, distributor, etc. DCLG
Date of publication, distribution, etc. 2009
505 2# - FORMATTED CONTENTS NOTE
Formatted contents note Introduction to assured and shorthold tenancies -- Differences between an assured and a shorthold tenancy -- How to set up a tenancy -- Landlord and tenant responsibilities and rights -- What to do when a tenancy ends -- How to end a tenancy -- Increasing the rent and varying the terms of a tenancy -- Succession rights, joint tenancies, subletting -- Housing benefit -- Tax on rental income -- Getting advice
520 ## - SUMMARY, ETC.
Summary, etc. Government guidance for landlords letting property. Explains what assured and shorthold tenancies are and what legal rights landlords and tenants have.
521 ## - TARGET AUDIENCE NOTE
Target audience note Introductory
590 ## - LOCAL NOTE (RLIN)
Local note KA
651 #4 - SUBJECT ADDED ENTRY--GEOGRAPHIC NAME
Geographic name England and Wales
Chronological subdivision 1543-
690 ## - LOCAL SUBJECT ADDED ENTRY--TOPICAL TERM (OCLC, RLIN)
Topical term or geographic name as entry element PROPERTY-RESIDENTIAL PROPERTY-RESIDENTIAL LANDLORD AND TENANT-RESIDENTIAL TENANCIES
856 40 - ELECTRONIC LOCATION AND ACCESS
Uniform Resource Identifier <a href="https://www.communities.gov.uk/publications/housing/assuredassuredlandlords">https://www.communities.gov.uk/publications/housing/assuredassuredlandlords</a>
Public note View the guidance free of charge at www.communities.gov.uk...
942 ## - ADDED ENTRY ELEMENTS (KOHA)
Suppress in OPAC 0
Holdings
Withdrawn status Lost status Source of classification or shelving scheme Damaged status Not for loan Home library Current library Shelving location Date acquired Total Checkouts Full call number Barcode Date last seen Copy number Price effective from Koha item type
    Dewey Decimal Classification     Virtual Virtual Online 13/02/2004   ONLINE PUBLICATION 114279-2001 06/08/2019 1 06/08/2019 Book